| 000 | 00416nam a2200169Ia 4500 | ||
|---|---|---|---|
| 003 | GCL | ||
| 008 | 140319s9999 xx 000 0 eng d | ||
| 040 |
_aGCL / _cGCL |
||
| 082 | 0 | 4 |
_a672.8 _bF C |
| 100 | 1 | _aFEARN, JACQUELINE | |
| 245 | 1 | 0 |
_aCAST IRON / _cFEARN, JACQUELINE |
| 260 |
_a[S.N] : _bSHIRE PUBLICATIONS LTD ، _c1990 |
||
| 300 | _a32 P | ||
| 650 | 0 | 4 | _aIRON |
| 650 | 0 | 4 | _aMETAL - WORKS |
| 942 |
_2ddc _cBK |
||
| 999 |
_c21278 _d21278 |
||